A háboru [!háború] és a társadalom

Elmentve itt :
Bibliográfiai részletek
Szerző: Andrássy Gyula
Dokumentumtípus: Cikk
Megjelent: 1914
Sorozat:Kolligátum
Kulcsszavak:Politikai ideológia - Magyarország - 1910-es évek, Világháború - 1. - propaganda
Online Access:http://misc.bibl.u-szeged.hu/23613
LEADER 00603nab a2200169 i 4500
001 misc23613
005 20191111110533.0
008 170823s1914 hu o 0|| zxx d
040 |a SZTE Miscellanea Repozitórium  |b hun 
041 |a zxx 
100 1 |a Andrássy Gyula 
245 1 2 |a A háboru [!háború] és a társadalom  |h [elektronikus dokumentum] /  |c  Andrássy Gyula 
260 |c 1914 
300 |a 1-21 
490 0 |a Kolligátum 
695 |a Politikai ideológia - Magyarország - 1910-es évek, Világháború - 1. - propaganda 
856 4 0 |u http://misc.bibl.u-szeged.hu/23613/1/87598_001-021.pdf  |z Dokumentum-elérés